| 000 | 00376nam a2200157Ia 4500 | ||
|---|---|---|---|
| 008 | 230711s9999||||xx |||||||||||||| ||und|| | ||
| 041 | _aENG | ||
| 082 |
_a624 _bBU-I |
||
| 100 | _aBureau of Indian Standard | ||
| 245 | 0 | _aIS : 456 2000 | |
| 250 | _a4th | ||
| 260 |
_c2005 _aNew DElhi _bBureau of Indian Standard |
||
| 300 | _a100 | ||
| 650 | _aCivil Engineering | ||
| 942 | _cBK | ||
| 999 |
_c4776 _d4776 |
||